[Event "CZE-ch Youth B14 2022"]
[Site "Luhacovice"]
[Date "2022.03.12"]
[Round "1.1"]
[White "Babula, Matej"]
[Black "Brozka, Karel"]
[Result "1/2-1/2"]
[WhiteElo "1753"]
[BlackElo "2125"]
[Annotator "TA"]
[PlyCount "131"]
[EventDate "2022.03.12"]
[EventType "swiss"]
[EventCountry "CZE"]
[SourceTitle "playchess.com"]
[Source "ChessBase"]
[SourceQuality "1"]

{[%evp 18,131,28,22,32,18,31,18,33,0,14,16,35,40,40,38,62,58,86,87,77,60,60,66,80,85,141,52,63,51,64,38,131,79,131,95,114,60,129,97,98,99,99,97,99,94,137,134,129,132,150,150,150,123,123,7,6,0,0,0,0,-16,-16,-16,0,0,0,-16,-15,-8,-16,-16,-16,-16,-16,-16,-16,-16,-16,-16,-16,-16,-16,-16,-16,-16,-16,-16,-16,-16,-16,-16,-16,-16,-16,-16,-16,-16,-16,-16,-16,-16,-16,-16,-16,-16,-16,-16,-16,-16,0,0,0,0,0,0]} 1. e4 c6 2. d4 d5 3. exd5 cxd5 4. Bd3 Nc6 5. c3 Nf6 6. h3 g6 7. Nf3 Qc7 8. O-O Bg7 9. Bg5 {[%cal Bc1g5,Bg5h4,Bh4g3][%mdl 32]} O-O 10. Nbd2 Bf5 {B13: Caro-Kann: Exchange Variation and Panov-Botvinnik Attack.} 11. Be2 {[#]} Rfe8 $146 ({Predecessor:} 11... Ne4 12. Bh4 Qb6 13. Qb3 Rfd8 14. Qxb6 axb6 15. a3 Rac8 16. g4 Nxd2 17. Nxd2 Bd7 18. Bf3 {0-1 (63) Krasov,O (1832)-Laux,D (2025) Playchess.com INT 2020}) 12. Bh4 Rac8 13. Bg3 (13. Re1 {looks sharper.} h5 14. Nf1 e6 15. Ne3 a6 16. Bg3) 13... Qb6 14. Qb3 Qxb3 15. axb3 Nd7 16. Nh4 Bh6 17. Nxf5 gxf5 18. Nf3 e6 19. Bd3 a6 20. Rfe1 Nf6 21. Ne5 Ne4 (21... Bd2 $142) 22. Nxc6 (22. Bxe4 $16 dxe4 23. Nd7) 22... Rxc6 $14 23. Bh2 Rec8 24. f3 Nf6 ({Black should play} 24... Nd2 $14) 25. b4 (25. g4 $142) 25... Rb6 (25... f4 $142) 26. Kf2 Nh5 27. g4 (27. g3 $16) 27... Bf4 28. Rh1 ({Much worse is} 28. gxh5 $6 Bxh2 29. Rh1 Bf4 $15) 28... Bxh2 29. Rxh2 Nf4 30. Ke3 (30. Bb1 {is more complex.} Re8 31. Ra5 Rd6 32. Ke3 Ng6 33. f4) 30... Nxd3 31. Kxd3 fxg4 (31... f4 $142) 32. hxg4 $16 {[%mdl 4096] Endgame KRR-KRR} f6 33. f4 Rc7 34. Ke3 Re7 35. Rh6 Rf7 36. Rah1 {White is more active.} (36. Ke2 $16) 36... a5 $1 $11 {The position is equal.} 37. g5 fxg5 38. fxg5 axb4 39. g6 hxg6 40. Rxg6+ Rg7 41. Rxg7+ Kxg7 {KR-KR} 42. Rf1 Rc6 43. Kd3 Rc4 44. Kd2 b5 45. Kd3 bxc3 46. bxc3 b4 47. cxb4 Rxb4 48. Ke3 Rb3+ 49. Kd2 Rg3 50. Ke2 Rg5 51. Kd3 Rf5 52. Re1 Kf6 53. Re3 Rf4 54. Re5 Rf3+ 55. Kd2 Rh3 56. Ke2 Rg3 57. Kd2 Rg4 58. Kd3 Rg5 59. Re3 Ke7 60. Re1 Kd6 61. Ke3 e5 {With the idea ...e4.} 62. dxe5+ Rxe5+ 63. Kd2 Rxe1 64. Kxe1 Kc5 65. Kd1 Kb4 {[#] ( -> ...Kc3)} 66. Kd2 {Weighted Error Value: White=0.14 (very precise) /Black=0.12 (very precise)} 1/2-1/2

[Event "CZE-ch Youth B14 2022"]
[Site "Luhacovice"]
[Date "2022.03.12"]
[Round "1.2"]
[White "Prazak, Daniel"]
[Black "Veverka, Vladimir"]
[Result "1-0"]
[WhiteElo "2016"]
[BlackElo "1723"]
[Annotator "ChessBase"]
[PlyCount "61"]
[EventDate "2022.03.12"]
[EventType "swiss"]
[EventCountry "CZE"]
[SourceTitle "playchess.com"]
[Source "ChessBase"]
[SourceQuality "1"]
[TimeControl "40/5400+30:1800+30"]

1. Nf3 {[%emt 0:00:03]} Nf6 {[%emt 0:01:18]} 2. d4 {[%emt 0:00:19]} g6 {[%emt 0:01:37]} 3. c4 {[%emt 0:02:56]} Bg7 {[%emt 0:00:48]} 4. Nc3 {[%emt 0:00:56]} O-O {[%emt 0:01:22]} 5. e4 {[%emt 0:00:56]} d6 {[%emt 0:00:10]} 6. Be2 {[%emt 0:00:13]} e5 {[%emt 0:00:17]} 7. dxe5 {[%emt 0:02:03]} dxe5 {[%emt 0:00:21]} 8. Qxd8 {[%emt 0:00:04]} Rxd8 {[%emt 0:00:12]} 9. Bg5 {[%emt 0:00:04]} Re8 {[%emt 0:02:55]} 10. Nd5 {[%emt 0:00:37]} Nxd5 {[%emt 0:01:37]} 11. cxd5 {[%emt 0:00:17]} c6 {[%emt 0:00:42]} 12. Bc4 {[%emt 0:01:13]} Bd7 {[%emt 0:04:43]} 13. O-O {[%emt 0:10:24]} cxd5 {[%emt 0:03:43]} 14. Bxd5 {[%emt 0:00:44]} Bc6 {[%emt 0:03:45]} 15. Rfd1 {[%emt 0:03:28]} Bxd5 {[%emt 0:03:35]} 16. Rxd5 {[%emt 0:01:00]} Nc6 {[%emt 0:03:07]} 17. Rd7 {[%emt 0:09:06]} f6 {[%emt 0:00:38]} 18. Be3 {[%emt 0:00:40]} Re7 {[%emt 0:04:07]} 19. Rad1 {[%emt 0:08:54]} Rxd7 {[%emt 0:05:58]} 20. Rxd7 {[%emt 0:00:08]} b6 {[%emt 0:02:40]} 21. Kf1 {[%emt 0:02:16]} Rd8 {[%emt 0:03:30]} 22. Rc7 {[%emt 0:00:44]} Rd6 {[%emt 0:01:25]} 23. a3 {[%emt 0:06:22]} f5 {[%emt 0:07:16]} 24. Rc8+ {[%emt 0:08:05]} Kf7 {[%emt 0:07:18]} 25. Ng5+ {[%emt 0:07:14]} Ke7 {[%emt 0:02:06]} 26. Nxh7 {[%emt 0:01:03]} Kf7 {[%emt 0:06:49]} 27. Ng5+ {[%emt 0:06:39]} Kf6 {[%emt 0:03:25]} 28. Rc7 {[%emt 0:01:29]} Ne7 {[%emt 0:01:25]} 29. Nh7+ {[%emt 0:01:47]} Kf7 {[%emt 0:00:30]} 30. Bg5 {[%emt 0:00:23]} Re6 {[%emt 0:00:25]} 31. Rxa7 {[%emt 0:01:04]} 1-0

[Event "CZE-ch Youth B14 2022"]
[Site "Luhacovice"]
[Date "2022.03.12"]
[Round "1.3"]
[White "Juhanak, Daniel"]
[Black "Hladky, Tadeas"]
[Result "0-1"]
[WhiteElo "1688"]
[BlackElo "2029"]
[Annotator "TA"]
[PlyCount "120"]
[EventDate "2022.03.12"]
[EventType "swiss"]
[EventCountry "CZE"]
[SourceTitle "playchess.com"]
[Source "ChessBase"]
[SourceQuality "1"]

{[%evp 13,120,8,4,-21,0,-31,-39,-66,-45,-55,-54,-61,-65,-57,-51,-93,-101,-104,-95,-103,-102,-110,-112,-163,-152,-150,-108,-165,-105,-162,-99,-136,-48,-108,-100,-129,-123,-145,-124,-122,-115,-150,-137,-179,-175,-162,-174,-170,-168,-225,-166,-160,-162,-221,-195,-230,-254,-309,-306,-450,-431,-443,-432,-419,-412,-510,-532,-578,-449,-559,-546,-471,-488,-549,-452,-904,-904,-1159,-1195,-1146,-1137,-1281,-1270,-1214,-1183,-29974,-29975,-29975,-6007,-29975,-29976,-29988,-1546,-29990,-29991,-29991,-29979,-29978,-6868,-6119,-5881,-29990,-29991,-29997,-29998,-29998,-29993,-29993,-29994]} 1. e4 e5 2. Nf3 Nc6 3. d4 exd4 4. Nxd4 Bc5 5. Be3 Qf6 6. c3 Nge7 7. Bc4 Ne5 8. Nd2 {C45: Scotch Game.} Qg6 9. Be2 Qxg2 10. Rf1 {[#] Black is slightly better.} d5 $146 {Black is more active.} ({Predecessor:} 10... O-O 11. f4 Qh3 12. Nf5 Bxe3 13. Nxe7+ Kh8 14. Nf5 Nc6 15. Rf3 Bxd2+ 16. Kxd2 Qg2 {½-½ (53) Gach,A (2233)-Quirk,M (2020) ICCF email 2011}) 11. N2f3 Nxf3+ 12. Bxf3 Qxh2 13. exd5 Qe5 14. Qb3 (14. Qd3 $15 {was preferrable.} O-O 15. O-O-O) 14... Bxd4 $17 15. Qa4+ Bd7 (15... Kd8 {feels hotter.} 16. cxd4 Qf6 17. Be4 Qd6 18. O-O-O Bf5) 16. Qxd4 Qxd4 17. Bxd4 {A strong pair of Bishops.} Nf5 18. Bc5 (18. O-O-O $17 {was worth a try.}) 18... b6 19. Ba3 O-O-O ({Black should play} 19... h5 20. Rh1 h4) 20. O-O-O {[#]} (20. Rh1 $17) 20... Nd6 (20... h5 $1 $19 21. Rh1 h4) 21. b3 (21. Bxd6 $17 {was called for.} cxd6 22. Rh1) 21... Bf5 (21... h5 $19 22. Rg1 Rdg8) 22. c4 Be4 (22... h5 $17 {...h4 is the strong threat.} 23. Rd4 g5) 23. Bxe4 (23. Bg4+ $1 $15 Bf5 24. Bh5) 23... Nxe4 24. Rd4 Rhe8 25. Bb2 f6 26. Rg1 Rd7 ({Weaker is} 26... Nxf2 27. Rxg7 h5 28. Kc2 $15) 27. f3 Ng5 28. Rf1 (28. Rd3 $17) 28... Re3 29. Rh4 {[#]} h6 $1 ({And not} 29... Nxf3 30. Rh3 Nd2 31. Rxe3 $15) 30. f4 Ne4 {[%cal Oc7c6]} 31. Rg4 (31. Rh2 $142) 31... Nd6 32. f5 Re2 33. Rgf4 (33. Ba3 {might work better.}) 33... Ne4 {[%cal Oc7c6]} 34. R1f3 Re7 35. Rg4 Ng5 36. Rf1 (36. Rd3 {only move.}) 36... Rh2 $19 37. Bd4 Rxa2 38. Kb1 Rae2 39. Rgf4 Ne4 40. Kc1 Ng3 {Inhibits Rh1.} 41. Rg1 {[#]} Rh2 $1 42. Kd1 (42. Kb1 h5) 42... Ne2 43. Re1 Kd7 44. Rg4 (44. Rf2 $142 Nc3+ 45. Kc2 Rxf2+ 46. Bxf2 Rxe1 47. Bxe1) 44... h5 45. Rg6 Nxd4 46. Rxe7+ Kxe7 47. Rxg7+ {[%mdl 4096] Endgame KRN-KR} Kd6 48. Rf7 Nxf5 {aiming for ...Ne3+.} 49. Rxf6+ Ke5 50. Rf7 Ke4 (50... Ne3+ $142 51. Kc1 Kd4 52. Rf3 Re2 53. Kb1 Kc3 54. b4 Kxb4 55. Kc1 Kc3 56. Kb1 Kb3 57. Kc1 Ka2 58. Rxe3 Rxe3 59. Kd2 Rg3 60. Ke1 h4 61. Kf2 Kb3 62. c5 bxc5 63. Kf1 Kc2 64. Ke2 Kc1 65. Kf1 Kd2 66. d6 cxd6 67. Kf2 c4 68. Kf1 Ke3 69. Ke1 Rg1#) 51. Kc1 Nd4 52. Rxc7 Nxb3+ (52... Kd3 $142 53. Re7 Ne2+ 54. Rxe2 Rxe2 55. d6 Rd2 56. b4 h4 57. d7 Kc3 58. Kb1 h3 59. d8=Q Rxd8 60. Ka2 h2 61. c5 h1=Q 62. b5 Rd2+ 63. Ka3 Qa1#) 53. Kb1 Kd3 54. Re7 Kxc4 55. d6 Rd2 (55... Kc3 $142 56. Rc7+ Nc5 57. Rc8 Rd2 58. Rc6 h4 59. d7 Rxd7 60. Rf6 Rd1+ 61. Ka2 h3 62. Rh6 b5 63. Rxh3+ Nd3 64. Rh4 Nb4+ 65. Rxb4 Kxb4 66. Kb2 Rd2+ 67. Kc1 Kc3 68. Kb1 Rd1+ 69. Ka2 Rg1 70. Ka3 Ra1#) 56. d7 Nc5 {( -> ...Kb3)} 57. Rh7 Kb3 {[%cal Rd2d1] Black mates.} 58. Kc1 Kc3 59. d8=Q Rxd8 60. Rc7 h4 {Weighted Error Value: White=0.52/Black=0.17 (very precise)} 0-1

[Event "CZE-ch Youth B14 2022"]
[Site "Luhacovice"]
[Date "2022.03.12"]
[Round "1.4"]
[White "Hozda, Max"]
[Black "Kubin, Tomas Daniel"]
[Result "0-1"]
[WhiteElo "1901"]
[BlackElo "1666"]
[Annotator "ChessBase"]
[PlyCount "92"]
[EventDate "2022.03.12"]
[EventType "swiss"]
[EventCountry "CZE"]
[SourceTitle "playchess.com"]
[Source "ChessBase"]
[SourceQuality "1"]
[TimeControl "40/5400+30:1800+30"]

1. d4 {[%emt 0:00:14]} Nf6 {[%emt 0:00:10]} 2. c4 {[%emt 0:00:05]} c5 {[%emt 0:00:08]} 3. d5 {[%emt 0:00:05]} b5 {[%emt 0:00:04]} 4. cxb5 {[%emt 0:00:10]} a6 {[%emt 0:00:06]} 5. bxa6 {[%emt 0:00:27]} g6 {[%emt 0:00:17]} 6. Nc3 {[%emt 0:00:11]} Bg7 {[%emt 0:00:13]} 7. e4 {[%emt 0:00:59]} O-O {[%emt 0:00:19]} 8. Nf3 {[%emt 0:00:38]} Qa5 {[%emt 0:00:21]} 9. Bd2 {[%emt 0:02:50]} Bxa6 {[%emt 0:00:28]} 10. Bxa6 {[%emt 0:00:52]} Qxa6 {[%emt 0:00:19]} 11. Qe2 {[%emt 0:00:56]} d6 {[%emt 0:08:37]} 12. Qxa6 {[%emt 0:03:27]} Nxa6 {[%emt 0:00:25]} 13. Ke2 {[%emt 0:05:31]} Rfb8 {[%emt 0:03:51]} 14. Rab1 {[%emt 0:04:16]} Nc7 {[%emt 0:07:03]} 15. Kd3 {[%emt 0:09:35]} Nd7 {[%emt 0:07:00]} 16. a3 {[%emt 0:01:38]} Rb7 {[%emt 0:05:24]} 17. Bg5 {[%emt 0:04:22]} Kf8 {[%emt 0:03:00]} 18. Nd2 {[%emt 0:02:06]} Nb5 {[%emt 0:05:55]} 19. Nxb5 {[%emt 0:01:33]} Rxb5 {[%emt 0:00:06]} 20. Kc2 {[%emt 0:01:49]} Ra4 {[%emt 0:06:11]} 21. Be3 {[%emt 0:03:16]} Ne5 {[%emt 0:03:52]} 22. f3 {[%emt 0:03:31]} Nc4 {[%emt 0:08:10]} 23. Nxc4 {[%emt 0:08:28]} Rxc4+ {[%emt 0:00:07]} 24. Kd3 {[%emt 0:00:24]} Ra4 {[%emt 0:00:42]} 25. Bc1 {[%emt 0:02:15]} Rxa3+ {[%emt 0:02:31]} 26. bxa3 {[%emt 0:07:26]} Rxb1 {[%emt 0:00:07]} 27. Rd1 {[%emt 0:06:08]} Ke8 {[%emt 0:04:21]} 28. Kc2 {[%emt 0:16:41]} Ra1 {[%emt 0:02:31]} 29. Rd3 {[%emt 0:01:48]} c4 {[%emt 0:06:43]} 30. Rd2 {[%emt 0:05:59]} c3 {[%emt 0:18:20]} 31. Rd3 {[%emt 0:02:31]} Ra2+ {[%emt 0:00:32]} 32. Kb3 {[%emt 0:00:29]} Rxg2 {[%emt 0:00:34]} 33. e5 {[%emt 0:03:33]} Bxe5 {[%emt 0:01:58]} 34. f4 {[%emt 0:00:28]} Bf6 {[%emt 0:01:04]} 35. Re3 {[%emt 0:00:32]} Rxh2 {[%emt 0:02:21]} 36. Re4 {[%emt 0:00:27]} Rh1 {[%emt 0:00:54]} 37. Kc2 {[%emt 0:00:33]} Rh2+ {[%emt 0:00:11]} 38. Kb3 {[%emt 0:00:18]} Rh1 {[%emt 0:00:20]} 39. Kc2 {[%emt 0:00:14]} h5 {[%emt 0:02:03]} 40. a4 {[%emt 0:00:52]} h4 {[%emt 0:01:53]} 41. a5 {[%emt 0:31:17]} h3 {[%emt 0:30:43]} 42. a6 {[%emt 0:01:11]} h2 {[%emt 0:00:32]} 43. a7 {[%emt 0:01:20]} Rxc1+ {[%emt 0:00:20]} 44. Kb3 {[%emt 0:00:11]} Ra1 {[%emt 0:01:13]} 45. Ra4 {[%emt 0:00:03]} Rxa4 {[%emt 0:00:17]} 46. Kxa4 {[%emt 0:00:02]} Kf8 {[%emt 0:00:21]} 0-1

[Event "CZE-ch Youth B14 2022"]
[Site "Luhacovice"]
[Date "2022.03.12"]
[Round "1.5"]
[White "Tesar, Jakub"]
[Black "Zelba, Lukas"]
[Result "1-0"]
[WhiteElo "1660"]
[BlackElo "1945"]
[Annotator "TA"]
[PlyCount "82"]
[EventDate "2022.03.12"]
[EventType "swiss"]
[EventCountry "CZE"]
[SourceTitle "playchess.com"]
[Source "ChessBase"]
[SourceQuality "1"]

{[%evp 11,82,31,37,37,37,31,33,0,10,-4,7,10,37,12,6,0,14,0,20,14,74,-7,-6,-12,0,-15,-23,-38,-46,-49,-72,-300,-333,-331,-327,-325,-259,-251,-247,-311,-299,-298,-305,-294,-151,-149,-153,-152,-132,-293,-289,-461,0,0,0,0,0,-3,0,-1,-2,-2,116,116,116,100,485,469,460,272,479,468,249]} 1. e4 e6 2. d4 d5 3. Nd2 Nc6 4. Ngf3 Nf6 5. e5 Nd7 6. Nb3 f6 {[%cal Rf6e5]} 7. exf6 {C04: French Tarrasch: 3...Nc6.} Qxf6 8. Bg5 {[%cal Bc1g5,Bg5h4,Bh4g3][%mdl 32]} Qf7 9. Bd3 {White is slightly better.} Bd6 10. O-O h6 11. Bh4 O-O 12. Bg3 e5 13. dxe5 Ndxe5 14. Be2 Be6 {[#]} 15. Nbd4 $146 ({Predecessor:} 15. Nxe5 Nxe5 16. f3 Rae8 17. Kh1 Bf5 18. Nd4 Bh7 19. Nb5 Bc5 20. Qd2 a6 21. Nd4 {0-1 (38) Bardos,I-Sinka,I Hungary 1996}) 15... Rad8 (15... Nxf3+ $11 {remains equal.} 16. Bxf3 Nxd4 17. Qxd4 c5 $1) 16. Kh1 ({White should play} 16. Nxe5 $16 Nxe5 17. Nb5) 16... Nxd4 $11 17. Qxd4 Nc6 18. Qh4 Bf5 19. Bxd6 Rxd6 20. c3 Re8 21. Rae1 (21. Ng1 $17 {was the only chance.}) 21... Re4 $19 22. Qg3 Rg6 23. Ne5 Rxg3 24. Nxf7 Rg6 {And now ...Rge6 would win.} 25. Bh5 Rxe1 ({Stronger than} 25... Kxf7 26. Rxe4 dxe4 27. f3 $17) 26. Rxe1 Re6 {[%cal Re6e1]} ({And not} 26... Kxf7 27. f4 $17) 27. Rd1 Re7 ({Black should try} 27... Bc2 $19 28. Rc1 Bg6 29. Nxh6+ gxh6 30. Bxg6 Rxg6) 28. f4 $17 Bc2 ({Worse is} 28... Rxf7 29. Bxf7+ Kxf7 30. Rxd5 $15) 29. Rc1 g6 30. Nxh6+ $2 (30. Ne5 $17) 30... Kh7 31. Ng4 {[#]} (31. Kg1 $142 Be4 32. Be2 Kxh6 33. g3) 31... Kg7 $1 32. Ne5 $11 Nxe5 33. fxe5 Rxe5 {[%mdl 4096] Endgame KRB-KRB} 34. Bf3 Be4 {Threatens to win with ...Bxf3.} 35. Re1 Kf6 {aiming for ...Bxf3.} 36. Bxe4 Rxe4 (36... dxe4 $11 37. Kg1 Rb5 38. Rxe4 Rxb2) 37. Rxe4 $16 dxe4 $11 {KP-KP} 38. Kg1 e3 $2 {[%mdl 8192]} (38... c5 $16 {is tougher.}) 39. Kf1 $18 Ke5 40. Ke2 (40. g3 $142 Ke4 41. Ke2) 40... Ke4 $2 {[#]} (40... Kf4 41. a4 c5) 41. g3 $1 Kf5 {White used his chance.  Weighted Error Value: White=0.36/Black=0.58} 1-0

[Event "CZE-ch Youth B14 2022"]
[Site "Luhacovice"]
[Date "2022.03.12"]
[Round "1.6"]
[White "Buchta, Bartolomej"]
[Black "Svoboda, Daniel"]
[Result "1-0"]
[WhiteElo "1901"]
[BlackElo "1619"]
[Annotator "TA"]
[PlyCount "114"]
[EventDate "2022.03.12"]
[EventType "swiss"]
[EventCountry "CZE"]
[SourceTitle "playchess.com"]
[Source "ChessBase"]
[SourceQuality "1"]

{[%evp 18,114,44,14,85,-203,-175,-264,-269,-448,-436,-593,-590,-568,-272,-260,-267,-258,-249,-958,0,0,0,0,0,-708,0,-980,-366,-327,0,0,0,0,0,-95,-64,-100,-104,-81,-97,-97,-104,-470,-466,-402,51,59,102,125,376,359,429,435,453,435,445,438,422,404,444,441,465,413,525,525,631,631,933,997,961,930,885,855,725,628,583,566,813,805,816,814,792,691,1116,781,720,693,10882,11008,5019,1704,2314,1606,12835,12835,1566,1456,12848]} 1. e4 e5 2. Nf3 Nc6 3. Bb5 a6 4. Ba4 Nf6 5. O-O Nxe4 6. d4 b5 7. Bb3 d5 8. dxe5 Be6 9. c3 Be7 10. Bf4 g5 {C83: Open Ruy Lopez: 9 c3 Be7.} (10... O-O $11) 11. Bg3 $2 {[%mdl 8192]} (11. Be3 $16 {stays on course.}) 11... h5 $1 $19 12. h3 (12. h4 {was necessary.}) 12... g4 $1 {[#] Black has a decisive advantage.} 13. Nh2 $146 (13. Nd4 {might work better.} Nxd4 14. cxd4) ({Predecessor:} 13. hxg4 hxg4 14. Nd4 Nxd4 15. Qxd4 Bh4 16. Bh2 Bxf2+ 17. Rxf2 Rxh2 18. Kxh2 g3+ {0-1 (18) Vontina,M (711)-Melotti,D (1400) LSS email 2012}) 13... gxh3 14. gxh3 h4 15. Bf4 Bg5 (15... Bxh3 $142 16. Ng4 Rg8) 16. Bxg5 Qxg5+ (16... Nxg5 $2 17. Kh1 $19) 17. Ng4 Bxg4 (17... Nxe5 18. f4 Bxg4 19. hxg4 (19. Qxd5 $2 Qg6 $19) 19... Qxg4+ 20. Qxg4 Nxg4 21. Bxd5 $17) 18. hxg4 (18. Qxg4 Qxe5 19. Nd2) 18... Qxe5 $2 (18... Qf4 $19 19. Qe2 Nxe5) 19. Qxd5 $11 Qf4 $1 $40 {[%mdl 128] Black mounts an attack.} 20. Qxc6+ Ke7 {[%cal Be8e7,Be7f8,Bf8g7][%mdl 32]} 21. Bd1 $2 {[%mdl 8192]} (21. Nd2 $11 Qxg4+ 22. Kh2 (22. Kh1 $2 Qh3+ 23. Kg1 Rhg8+) 22... Qf4+ 23. Kh1 Ng3+ 24. Kg1 (24. fxg3 hxg3+) 24... Ne2+ 25. Kh1 Ng3+ 26. Kg2 (26. fxg3 hxg3+) 26... h3+ 27. Kg1 h2+ 28. Kg2 Nxf1 29. Kh1) 21... Rag8 $2 (21... h3 22. Nd2 $1 {[%mdl 512]} Nd6 23. Bf3 $1 $18) ({Black should play} 21... Rad8 $19 {[%cal Od8d1] ( -> ...Rxd1!)} 22. Be2 h3) 22. Kh1 $2 {[%mdl 8192]} (22. Qxa6 Rxg4+ 23. Bxg4 Qxg4+ 24. Kh2 Rg8 25. Qa3+ Kd7) (22. Nd2 $11 Nxd2 23. Re1+ Kf8 24. Qc5+ (24. Qxa6 $2 Rxg4+ 25. Kh1 Rg3 $19) 24... Kg7 25. Re5) 22... Ng3+ $2 23. Kg1 $19 Ne4 $2 (23... Nxf1 $19 24. Qg2 Ng3 $1 {[%mdl 512]} 25. fxg3 hxg3) 24. Nd2 Nxd2 25. Re1+ Kf8 $1 {...Kg7 is the strong threat.} 26. Qe8+ ({But not} 26. Qxa6 $2 Rxg4+ 27. Kh1 Rg3 $3 {[%mdl 512]} 28. Qc8+ Kg7 $19) (26. Qc5+ $11 Kg7 27. Re5) 26... Kg7 $15 27. Qe5+ Qxe5 28. Rxe5 Re8 $1 29. Rxe8 Rxe8 $17 {[%mdl 4096] Endgame KRB-KRN} 30. f3 $2 {[%mdl 8192]} (30. Bb3 $17 {was the crucial defense.}) 30... Re1+ $19 31. Kf2 Re8 (31... Rf1+ $19 32. Kg2 h3+ 33. Kg3 Nc4) 32. b3 $14 {Threatens to win with Bc2.} h3 {[#] Black is on the road to losing.} (32... Rd8 $14 {feels stronger.}) 33. Bc2 $1 $16 {Strongly threatening Rh1.} h2 $2 {[%mdl 8192] [#]} (33... c5 $16 {is a better defense.} 34. Rh1 a5 35. Rxh3 c4 36. Rh7+ Kg8) 34. Rh1 $1 $18 Rh8 35. Ke2 Nxf3 36. Kxf3 {KRB-KR} Rh3+ 37. Kg2 Rxc3 38. Bf5 Kf6 39. Rxh2 Kg5 40. Kf2 Kf4 41. Rh6 {White is clearly winning.} Rf3+ 42. Ke2 Rg3 43. Rxa6 c5 44. Kd2 Rg2+ 45. Kd1 Ke3 46. Rc6 Kd4 47. Rd6+ Ke5 48. Rd2 Rg1+ 49. Kc2 Rg3 50. Kb2 b4 51. Rc2 Kd5 52. a4 bxa3+ 53. Kxa3 Re3 54. Rc4 Re8 55. Rf4 {Hoping for Bd3.} f6 56. Bd3 Ra8+ 57. Kb2 Rg8 {Weighted Error Value: White=1.22/Black=1.04} 1-0

[Event "CZE-ch Youth B14 2022"]
[Site "Luhacovice"]
[Date "2022.03.12"]
[Round "1.7"]
[White "Sigut, Ondrej"]
[Black "Setina, Vaclav"]
[Result "1/2-1/2"]
[WhiteElo "1536"]
[BlackElo "1881"]
[Annotator "NA RC"]
[PlyCount "86"]
[EventDate "2022.03.12"]
[EventType "swiss"]
[EventCountry "CZE"]
[SourceTitle "playchess.com"]
[Source "ChessBase"]
[SourceQuality "1"]
[TimeControl "40/5400+30:1800+30"]

1. e4 {[%emt 0:00:04]} c5 {[%emt 0:00:01]} 2. Nf3 {[%emt 0:00:08]} Nc6 {[%emt 0:00:03]} 3. Bb5 {[%emt 0:00:06]} g6 {[%emt 0:00:17]} 4. O-O {[%emt 0:00:09]} Bg7 {[%emt 0:00:09]} 5. Re1 {[%emt 0:00:08]} Nf6 {[%emt 0:00:16]} 6. e5 {[%emt 0:02:35]} Nd5 {[%emt 0:00:07]} 7. Nc3 {[%emt 0:00:48]} Nc7 {[%emt 0:00:11]} 8. Bxc6 {[%emt 0:00:48]} dxc6 {[%emt 0:00:13]} 9. h3 {[%emt 0:00:39]} O-O {[%emt 0:00:15]} 10. d3 {[%emt 0:00:20]} b6 {[%emt 0:02:19]} 11. a4 {[%emt 0:05:29]} a5 {[%emt 0:00:08]} 12. b3 {[%emt 0:03:04]} Ne6 {[%emt 0:02:16]} 13. Bb2 {[%emt 0:04:06]} Qc7 {[%emt 0:00:30]} 14. Ne4 {[%emt 0:05:39]} Rd8 {[%emt 0:00:25]} 15. Ng3 {[%emt 0:03:03]} Ba6 {[%emt 0:00:30]} 16. Qe2 {[%emt 0:05:31]} b5 {[%emt 0:08:24]} 17. Qe3 {[%emt 0:07:29]} c4 {[%emt 0:05:05]} 18. bxc4 {[%emt 0:03:32]} bxc4 {[%emt 0:07:28]} 19. d4 {[%emt 0:03:50]} c5 {[%emt 0:04:37]} 20. dxc5 {[%emt 0:07:09]} Nxc5 {[%emt 0:07:03]} 21. Ne4 {[%emt 0:04:31]} Nxe4 {[%emt 0:07:58]} 22. Qxe4 {[%emt 0:01:30]} c3 {[%emt 0:00:40]} 23. Ba3 {[%emt 0:00:59]} Bb7 {[%emt 0:01:32]} 24. Qe3 {[%emt 0:04:22]} Bxf3 {[%emt 0:04:40]} 25. gxf3 {[%emt 0:04:05]} Rd5 {[%emt 0:00:51]} 26. e6 {[%emt 0:07:46] [#]} f5 $1 {[%emt 0:05:59]} 27. Rab1 $2 {[%emt 0:03:52]} (27. Rad1 Rad8 28. Rxd5 Rxd5 29. Kg2) 27... Rd2 {[%emt 0:04:12]} 28. Bc5 {[%emt 0:04:29]} Rc8 {[%emt 0:06:38]} 29. Bb6 {[%emt 0:02:05]} Qd6 {[%emt 0:03:31]} 30. Rec1 {[%emt 0:04:41]} Be5 {[%emt 0:07:58]} 31. Rb5 {[%emt 0:04:12]} Bf4 {[%emt 0:02:06]} 32. Qe1 {[%emt 0:01:07]} Qc6 {[%emt 0:11:12]} 33. Rc5 {[%emt 0:02:42]} Qa8 {[%emt 0:07:08]} 34. Rxc8+ {[%emt 0:01:57]} Qxc8 {[%emt 0:00:01]} 35. Be3 {[%emt 0:00:40]} Bxe3 {[%emt 0:02:26]} 36. Qxe3 {[%emt 0:00:03]} Rd6 {[%emt 0:00:31]} 37. Re1 {[%emt 0:02:29]} Qc4 {[%emt 0:00:14]} 38. Qa7 {[%emt 0:01:22]} Rxe6 {[%emt 0:01:02]} 39. Rxe6 {[%emt 0:00:49]} Qxe6 {[%emt 0:00:01]} 40. Qxa5 {[%emt 0:00:30]} Qe1+ {[%emt 0:00:44]} 41. Kg2 {[%emt 0:30:09]} Qd2 {[%emt 0:30:19]} 42. Qa8+ {[%emt 0:00:36]} Kf7 {[%emt 0:00:00]} 43. a5 {[%emt 0:00:00]} Qg5+ $11 {[%emt 0:00:00]} 1/2-1/2